Statistics for People with C initials #2

Click here to take the quiz!

General Stats

  • This quiz has been taken 40 times
  • The average score is 11 of 21

Answer Stats

Initials Clue Person % Correct
CCHe "discovered" AmericaChristopher Columbus
100%
CS"Two and a half men"Charlie Sheen
81%
CFPrincess LeiaCarrie Fisher
81%
CRPortuguese football legendCristiano Ronaldo
77%
CG"Frankly my dear, I don't give a damn"Clark Gable
74%
CHThe God of Thunder : ThorChris Hemsworth
74%
CMNotorious criminal and cult leaderCharles Manson
74%
CPA Guardian of the GalaxyChris Pratt
68%
CTHe was a stripper in "Magic Mike"Channing Tatum
65%
CN"The Dark Knight", "Inception", "Dunkirk"Christopher Nolan
58%
CLHe was Dracula, Saruman or Count DookuChristopher Lee
52%
CECaptain AmericaChris Evans
52%
COHe was Robin in Batman Forever and Batman & RobinChris O'Donnell
52%
CBStarred as Galadriel in "The Lord of the Rings"Cate Blanchett
45%
CW"That's a bingo !", from Inglourious BasterdChristoph Waltz
35%
CVOne of Italia's top goalscorer of the 90'sChristian Vieri
29%
CAHe won three gold medals with Team USA (Basketball)Carmelo Anthony
29%
CJOne of the greatest pro-wrestler in the history...Y2JChris Jericho
29%
CKLeader of NickelbackChad Kroeger
19%
CXEnglish singer who sang in Iggy Azalea's "Fancy"Charli XCX
16%
CDEnglish actress and model who starred in "Suicide Squad"Cara Delevingne
13%

Score Distribution

Percentile by Number Answered

Percent of People with Each Score

Your Score History

You have not taken this quiz